000 01231nam0a22003011 4500
001 rc\4348937
005 20250612054825.0
021 _aRU
_b[57-29917]
035 _a(NLR Aleph) 008528485
090 _a8272909
_c8272909
100 _a20130416d1957 |||y0rusy50 ca
101 0 _arus
102 _aRU
105 _ac z ||||b
200 1 _aПисатели Советской Осетии
_e(Биогр. справки)
_fСост. Ф. Гаглоев и Н. Джусоев
_g[Вступ. статья Н. Джусоева, с. 3-34]
210 _aСталинири
_cГосиздат Юго-Осетии
_d1957
215 _a175 с.
_cпортр.
_d19
300 _aНа переплете сост. не указаны
300 _aНа тит. л. подзаголовок ошибочно: Био-библиогр. справки
606 _aПисатели северо-осетинские
_2psbo
700 0 _aГафез
_f1913-
701 1 _4220
_7ca
_8rus
_aДжусойты
_bН. Г.
_f1925-2017
_gНафи Григорьевич
_9186843
_3RU\NLR\AUTH\770186894
702 1 _aГаглоев
_bФ.
_4220
801 0 _aRU
_bNLR
_gpsbo
801 1 _aRU
_bELAR
_2rusmarc
852 _aNLR
_j57-3/2384
942 _cBOOK
980 _aNB